| 000 | 01137cam a2200337 a 4500 | ||
|---|---|---|---|
| 005 | 20260322212051.0 | ||
| 008 | data | ||
| 010 | _a 2007271424 | ||
| 020 | _a9780618709861 | ||
| 020 | _a061870986X | ||
| 040 |
_aDLC _cDLC _dDLC |
||
| 043 | _an-us-mn | ||
| 050 | 0 | 0 |
_aPS3565.B75 _bI5 2006 |
| 082 | 0 | 0 |
_a813/.54 _222 |
| 100 | 1 |
_aO'Brien, Tim, _d1946- |
|
| 245 | 1 | 0 |
_aIn the Lake of the Woods / _cTim O'Brien. |
| 250 | _a1st Mariner Books ed. | ||
| 260 |
_aBoston : _bHoughton Mifflin, _c2006. |
||
| 300 |
_a303 p. ; _c21 cm. |
||
| 500 | _a"A Mariner book." | ||
| 650 | 0 |
_aMarried people _vFiction. |
|
| 650 | 0 |
_aMissing persons _vFiction. |
|
| 650 | 0 |
_aPoliticians _vFiction. |
|
| 651 | 0 |
_aMinnesota _vFiction. |
|
| 856 | 4 | 2 |
_3Publisher description _uhttp://www.loc.gov/catdir/enhancements/fy0708/2007271424-d.html |
| 856 | 4 | 2 |
_3Contributor biographical information _uhttp://www.loc.gov/catdir/enhancements/fy0736/2007271424-b.html |
| 906 |
_a7 _bcbc _corigcop _d2 _encip _f20 _gy-gencatlg |
||
| 925 | 0 |
_aacquire _b2 shelf copies _xpolicy default |
|
| 001 | data | ||
| 999 |
_c1197 _d1197 |
||